[Event "C.to Europeo U16"]
[Site "Fermo ITA"]
[Date "2009.09.04"]
[Round "5"]
[White "Pruja Ramirez De Cartagena, Marc"]
[Black "Petenyi, Tamas"]
[Result "1/2-1/2"]
[WhiteElo "2214"]
[BlackElo "2308"]
[PlyCount "40"]
[EventDate "2009.08.31"]

1. e4 e5 2. Bc4 Nf6 3. d3 c6 4. Nf3 d5 5. Bb3 Bd6 6. exd5 Nxd5 7. O-O O-O 8.
Re1 Re8 9. Ng5 h6 10. Ne4 Na6 11. Qh5 Nc5 12. Nxc5 Bxc5 13. Nc3 Be6 14. Ne4 Nf6
15. Qf3 Nxe4 16. dxe4 Qb6 17. Be3 Rad8 18. Bxc5 Qxc5 19. Rad1 Rd4 20. c3 Rxd1
1/2-1/2

[Event "C.to Europeo U16"]
[Site "Fermo ITA"]
[Date "2009.09.04"]
[Round "5"]
[White "Rasulo, Stefano"]
[Black "Schneider, Rafael"]
[Result "0-1"]
[WhiteElo "1794"]
[BlackElo "1823"]
[PlyCount "50"]
[EventDate "2009.08.31"]

1. e4 c5 2. Nf3 Nc6 3. Bb5 e6 4. O-O Nge7 5. Re1 a6 6. Bxc6 Nxc6 7. b3 Be7 8.
Bb2 O-O 9. d3 d5 10. Nbd2 b5 11. h3 Bd6 12. e5 Bc7 13. h4 Ne7 14. Nf1 Nf5 15.
h5 d4 16. Bc1 Bb7 17. N1h2 Bd5 18. Bg5 f6 19. exf6 gxf6 20. Bd2 Qd6 21. Nf1 Kh8
22. c4 Bb7 23. g3 Rg8 24. Bf4 Qxf4 25. Qe2 Qxf3 0-1

[Event "C.to Europeo U16"]
[Site "Fermo ITA"]
[Date "2009.09.04"]
[Round "5"]
[White "Rioboo De Larriva, Alvaro"]
[Black "Song, Julien"]
[Result "1/2-1/2"]
[WhiteElo "2150"]
[BlackElo "2319"]
[PlyCount "91"]
[EventDate "2009.08.31"]

1. e4 e6 2. d4 d5 3. Nc3 Nf6 4. Bg5 Be7 5. e5 Nfd7 6. Bxe7 Qxe7 7. f4 Nc6 8.
Nf3 Nb6 9. b3 Bd7 10. Qd2 O-O 11. g3 Rfc8 12. a4 a5 13. Bg2 Nd8 14. O-O c5 15.
Nd1 Nc6 16. Ne3 cxd4 17. Nxd4 Nxd4 18. Qxd4 Qc5 19. Rad1 Qxd4 20. Rxd4 Rc3 21.
Re1 g6 22. Kf2 Rac8 23. Ke2 R8c7 24. Kd2 h5 25. Bf1 R3c5 26. g4 hxg4 27. Bd3
Kg7 28. Nxg4 Rc8 29. Rh1 Rh8 30. h4 Bc6 31. h5 gxh5 32. Nf6 Nd7 33. Nxh5+ Kf8
34. c3 Ke7 35. b4 axb4 36. cxb4 Rc4 37. Bxc4 dxc4 38. Rxd7+ Bxd7 39. Ng3 Rxh1
40. Nxh1 Bxa4 41. Ng3 Bc6 42. Ke3 f6 43. Kd4 fxe5+ 44. fxe5 Bd5 45. Ne2 Kd7 46.
Kc5 1/2-1/2

[Event "C.to Europeo U16"]
[Site "Fermo ITA"]
[Date "2009.09.04"]
[Round "5"]
[White "Rzayev, Bahruz Iqbal Oglu"]
[Black "Pozueta Alegria, Adrian"]
[Result "1-0"]
[WhiteElo "2228"]
[BlackElo "2022"]
[PlyCount "41"]
[EventDate "2009.08.31"]

1. e4 e6 2. d4 d5 3. Nc3 Bb4 4. Nge2 dxe4 5. a3 Bxc3+ 6. Nxc3 Nc6 7. Bb5 Nge7
8. Bg5 f6 9. Be3 O-O 10. Qd2 f5 11. O-O-O a6 12. Bxc6 bxc6 13. f3 exf3 14. gxf3
Nd5 15. Bg5 Qd6 16. Rhg1 Bd7 17. Nxd5 cxd5 18. Bf4 Qe7 19. Be5 Rf7 20. Qh6 Qf8
21. Rg3 1-0

[Event "C.to Europeo U16"]
[Site "Fermo ITA"]
[Date "2009.09.04"]
[Round "5"]
[White "Schaeken, Yordi"]
[Black "Godart, Francois"]
[Result "1-0"]
[WhiteElo "2078"]
[BlackElo "2179"]
[PlyCount "131"]
[EventDate "2009.08.31"]

1. e4 c6 2. Nc3 d5 3. Nf3 Bg4 4. h3 Bxf3 5. Qxf3 e6 6. d4 Nf6 7. Bd3 dxe4 8.
Nxe4 Nxe4 9. Qxe4 Nd7 10. c3 Nf6 11. Qh4 Qd5 12. O-O Be7 13. Bc2 O-O-O 14. Re1
h6 15. Bb3 Qd7 16. Qf4 g5 17. Qe5 g4 18. Bf4 Qd6 19. Qxf6 Bxf6 20. Bxd6 Rxd6
21. hxg4 Rg8 22. Re4 b5 23. Rae1 Kd7 24. g3 Rg5 25. Kg2 b4 26. Rf4 Ke7 27. Rh1
bxc3 28. bxc3 Bg7 29. Rh5 Rd8 30. Re4 Kd6 31. Kf3 Re8 32. Kf4 f5 33. Re2 Rxg4+
34. Kf3 Re7 35. Rh1 Rg6 36. Rhe1 Bh8 37. a4 a5 38. Bc2 Rg5 39. Rb1 e5 40. Rb8
Bg7 41. Rd8+ Kc7 42. Ra8 Kb6 43. Bd1 Rd7 44. Rb2+ Kc7 45. Rxa5 exd4 46. Ra7+
Kd8 47. Rxd7+ Kxd7 48. cxd4 Bxd4 49. Rb7+ Kd6 50. Bc2 Rg7 51. Rxg7 Bxg7 52.
Bxf5 Kc5 53. Kg4 Kb4 54. Bc2 Kc3 55. Be4 c5 56. a5 c4 57. a6 Bd4 58. f4 Kb4 59.
Kh5 Ka5 60. Kxh6 Kxa6 61. Kg6 Kb6 62. Kf7 Bh8 63. g4 Kc5 64. g5 Kd4 65. Bb1 Ke3
66. f5 1-0

[Event "C.to Europeo U16"]
[Site "Fermo ITA"]
[Date "2009.09.04"]
[Round "5"]
[White "Schnegg, Daniel"]
[Black "Srbis, Jurica"]
[Result "1/2-1/2"]
[WhiteElo "2092"]
[BlackElo "2250"]
[PlyCount "71"]
[EventDate "2009.08.31"]

1. e4 e5 2. Nf3 Nc6 3. Bb5 a6 4. Ba4 Nf6 5. O-O Be7 6. Re1 b5 7. Bb3 O-O 8. c3
d5 9. d4 exd4 10. e5 Ne4 11. Nxd4 Nxd4 12. cxd4 Bb4 13. Re2 Bf5 14. f3 Ng5 15.
a3 Ba5 16. Nc3 c6 17. Be3 Ne6 18. g4 Bg6 19. f4 Bxc3 20. bxc3 Be4 21. Bc2 Bf3
22. Qf1 Bxg4 23. Rg2 Qh4 24. f5 Ng5 25. Rg3 Nh3+ 26. Kh1 h5 27. Bd1 Ng5 28.
Bxg4 Ne4 29. Rg2 hxg4 30. Qf4 g5 31. Rxg4 Qh3 32. Rf1 Kh7 33. Rf3 Qh6 34. Rxg5
Nxg5 35. Rg3 Rg8 36. Qf1 1/2-1/2

[Event "C.to Europeo U16"]
[Site "Fermo ITA"]
[Date "2009.09.04"]
[Round "5"]
[White "Skoulakis, Charalambos"]
[Black "Stoeri, Simon"]
[Result "1-0"]
[WhiteElo "2132"]
[BlackElo "1974"]
[PlyCount "75"]
[EventDate "2009.08.31"]

1. e4 c5 2. d4 cxd4 3. c3 Nf6 4. e5 Nd5 5. Qxd4 e6 6. Nf3 Nc6 7. Qe4 d6 8. exd6
Bxd6 9. Bd3 Qc7 10. O-O Bd7 11. a3 O-O-O 12. c4 f5 13. Qe2 Nf6 14. Nc3 a6 15.
b4 Ne5 16. h3 Nxf3+ 17. Qxf3 Be5 18. Bd2 g5 19. Rac1 g4 20. hxg4 Bc6 21. Qe2
Nxg4 22. Nd5 Rxd5 23. cxd5 Bd4 24. Rxc6 bxc6 25. Qxe6+ Kb8 26. d6 Qb6 27. Qxf5
Rg8 28. d7 Qd8 29. Bf4+ Kb7 30. b5 axb5 31. Bg3 Rg7 32. Be4 Kb6 33. Bxc6 Kxc6
34. Rc1+ Kb6 35. Qe6+ Ka7 36. Rc7+ Qxc7 37. Bxc7 Bxf2+ 38. Kf1 1-0

[Event "C.to Europeo U16"]
[Site "Fermo ITA"]
[Date "2009.09.04"]
[Round "5"]
[White "Strzemiecki, Zbigniew"]
[Black "Aghasaryan, Robert"]
[Result "1/2-1/2"]
[WhiteElo "2314"]
[BlackElo "2240"]
[PlyCount "39"]
[EventDate "2009.08.31"]

1. e4 c5 2. b3 d6 3. Bb2 Nf6 4. Bb5+ Bd7 5. Bxd7+ Qxd7 6. d3 Nc6 7. Nd2 e6 8.
f4 Be7 9. Ngf3 O-O 10. Qe2 Nb4 11. Nf1 b5 12. Ng3 c4 13. a3 cxd3 14. cxd3 Nc6
15. O-O Rac8 16. Rac1 Qb7 17. f5 e5 18. Kh1 Rfe8 19. Rc2 Bd8 20. Rfc1 1/2-1/2

[Event "C.to Europeo U16"]
[Site "Fermo ITA"]
[Date "2009.09.04"]
[Round "5"]
[White "Topak, Engin"]
[Black "Garcia Perez, Javier"]
[Result "1-0"]
[WhiteElo "2005"]
[BlackElo "1752"]
[PlyCount "59"]
[EventDate "2009.08.31"]

1. e4 e6 2. d4 d5 3. Nd2 Nf6 4. e5 Nfd7 5. c3 c5 6. f4 Nc6 7. Ndf3 Qb6 8. a3 f6
9. b4 cxb4 10. cxb4 Be7 11. Bd3 O-O 12. Ne2 Qd8 13. O-O Nb6 14. Qc2 f5 15. Bd2
a6 16. h3 Bd7 17. g4 g6 18. gxf5 gxf5 19. Kh2 Rc8 20. Rg1+ Kh8 21. Qd1 Nc4 22.
Bxc4 dxc4 23. Bc3 Na7 24. d5 exd5 25. e6+ Bf6 26. Bxf6+ Rxf6 27. exd7 Qxd7 28.
Qd4 Qe7 29. Rae1 Qf8 30. Qxa7 1-0

[Event "C.to Europeo U16"]
[Site "Fermo ITA"]
[Date "2009.09.04"]
[Round "5"]
[White "Tsirekidze, Giorgi"]
[Black "Piscitelli, Vito"]
[Result "1-0"]
[WhiteElo "1864"]
[BlackElo "2067"]
[PlyCount "117"]
[EventDate "2009.08.31"]

1. d4 d5 2. c4 c6 3. Nc3 Nf6 4. Nf3 e6 5. Bg5 Nbd7 6. cxd5 exd5 7. e3 Be7 8.
Bd3 O-O 9. Qc2 Re8 10. O-O g6 11. Rab1 Nh5 12. Bxe7 Qxe7 13. b4 a6 14. a4 Nb6
15. Ne2 Bg4 16. b5 cxb5 17. axb5 a5 18. Ne5 Rec8 19. Qa2 Be6 20. Rfc1 Rxc1+ 21.
Rxc1 f6 22. Nf3 Ng7 23. Nf4 Bf7 24. Nd2 Ne8 25. Nb3 Nd6 26. Nc5 g5 27. Ne2 Nbc4
28. Nc3 b6 29. N5a4 Rc8 30. h3 f5 31. Qc2 Qf6 32. Nb2 Be6 33. Nxc4 Nxc4 34. Qe2
Qf7 35. Na4 Bd7 36. Bxc4 Rxc4 37. Rxc4 dxc4 38. Nc3 Be6 39. Qf3 Qd7 40. Qa8+
Kg7 41. Qb8 f4 42. Qxb6 f3 43. d5 Bf5 44. e4 Bg6 45. Qd4+ Kg8 46. Qxc4 fxg2 47.
Kxg2 g4 48. h4 Qf7 49. Qc8+ Qe8 50. Qxg4 h5 51. Qf4 a4 52. Nxa4 Bxe4+ 53. Kh2
Qg6 54. Qg5 Qxg5 55. hxg5 Bxd5 56. Nc5 Kg7 57. b6 Kg6 58. f4 Kf5 59. b7 1-0

[Event "C.to Europeo U16"]
[Site "Fermo ITA"]
[Date "2009.09.06"]
[Round "6"]
[White "Aghasaryan, Robert"]
[Black "Arribas Lopez, Angel"]
[Result "1-0"]
[WhiteElo "2240"]
[BlackElo "2429"]
[PlyCount "143"]
[EventDate "2009.08.31"]

1. d4 Nf6 2. c4 g6 3. Nc3 Bg7 4. e4 d6 5. f3 O-O 6. Nge2 Nc6 7. Be3 a5 8. Qd2
a4 9. d5 Na5 10. Nd4 Nd7 11. Rb1 Nc5 12. Be2 e5 13. Nc2 b6 14. O-O f5 15. Na3
Bf6 16. Nab5 Rf7 17. g4 Bh4 18. exf5 gxf5 19. f4 exf4 20. Bxf4 fxg4 21. Bh6 Bf5
22. Rbd1 g3 23. hxg3 Bxg3 24. Bh5 Bg6 25. Rxf7 Bxf7 26. Bxf7+ Kxf7 27. Rf1+ Kg6
28. Rf8 Qxf8 29. Bxf8 Rxf8 30. Qg2 Rf5 31. Nxc7 Nxc4 32. Ne6 Nxe6 33. dxe6 d5
34. Nxd5 Kh6 35. Qh3+ Rh5 36. Qg4 Bh2+ 37. Kf2 Rxd5 38. Qxc4 Rf5+ 39. Kg2 Bd6
40. Qh4+ Kg6 41. Qe4 Kf6 42. Qxa4 Rg5+ 43. Kf3 Rf5+ 44. Ke2 Re5+ 45. Kd3 Rxe6
46. Qh4+ Kg6 47. Qg4+ Kf6 48. Qh3 Re7 49. Qh6+ Ke5 50. Kc4 Bc5 51. Kb5 Kd5 52.
Qd2+ Bd4 53. b4 Re5 54. Qc2 Re7 55. a4 Ke5 56. Ka6 Kd5 57. b5 Rg7 58. Qd3 Ke5
59. Qf3 Bc5 60. Qh5+ Kd4 61. Qh6 Re7 62. a5 Kd5 63. Qc6+ Kc4 64. axb6 Re3 65.
Kb7 Rg3 66. Kc8 Rg8+ 67. Kd7 Kb4 68. b7 Rg7+ 69. Ke6 Rg6+ 70. Kd5 Rg5+ 71. Ke4
Ba7 72. b6 1-0

[Event "C.to Europeo U16"]
[Site "Fermo ITA"]
[Date "2009.09.06"]
[Round "6"]
[White "Anaya Lopez, Gonzalo Javier"]
[Black "Wright, Jonathan"]
[Result "1/2-1/2"]
[WhiteElo "1871"]
[BlackElo "1776"]
[PlyCount "87"]
[EventDate "2009.08.31"]

1. e4 c5 2. Nf3 e6 3. d4 cxd4 4. Nxd4 a6 5. Nc3 Qc7 6. Be3 Nf6 7. f3 Be7 8. Qd2
Nc6 9. Be2 Ne5 10. O-O O-O 11. Kh1 Ng6 12. a3 Rb8 13. Nb3 b5 14. Rad1 Rd8 15.
Bf2 Nh5 16. Rfe1 d6 17. Bf1 Bb7 18. Qe3 Ne5 19. Rd2 h6 20. Qb6 Qxb6 21. Bxb6
Rd7 22. Be3 Nf6 23. Red1 Ba8 24. Bf4 Rbd8 25. Nd4 Ng6 26. Bg3 Nh5 27. Bf2 Bg5
28. Re2 d5 29. exd5 Bxd5 30. Ree1 Bf6 31. Nde2 Bb7 32. Rxd7 Rxd7 33. Rd1 Rxd1
34. Nxd1 Nhf4 35. Bd4 Bxd4 36. Nxd4 Ne5 37. Ne3 Nd5 38. Nxd5 Bxd5 39. a4 Bc4
40. Bxc4 Nxc4 41. axb5 axb5 42. Nxb5 Nxb2 43. Kg1 Kf8 44. Kf2 1/2-1/2

[Event "C.to Europeo U16"]
[Site "Fermo ITA"]
[Date "2009.09.06"]
[Round "6"]
[White "Ballas, Kleon-Evangelos"]
[Black "Huseyn, Orkhan Samir Oglu"]
[Result "0-1"]
[WhiteElo "1859"]
[BlackElo "2121"]
[PlyCount "40"]
[EventDate "2009.08.31"]

1. d4 Nf6 2. c4 g6 3. Nc3 Bg7 4. e4 d6 5. Nf3 O-O 6. Be2 e5 7. Be3 Nbd7 8. O-O
exd4 9. Nxd4 c6 10. Nb3 Qe7 11. f3 Rd8 12. Bg5 Nb6 13. Qc2 d5 14. cxd5 cxd5 15.
Rad1 dxe4 16. Rxd8+ Qxd8 17. Nxe4 Bf5 18. Rd1 Qe7 19. Nxf6+ Bxf6 20. Bxf6 Qe3+
0-1

[Event "C.to Europeo U16"]
[Site "Fermo ITA"]
[Date "2009.09.06"]
[Round "6"]
[White "Balzano, Aldo"]
[Black "Vandevenne, Sander"]
[Result "1-0"]
[WhiteElo "1853"]
[BlackElo "2043"]
[PlyCount "79"]
[EventDate "2009.08.31"]

1. d4 Nf6 2. c4 e6 3. Nf3 d5 4. Nc3 Be7 5. Qc2 Nbd7 6. cxd5 exd5 7. Bg5 h6 8.
Bh4 O-O 9. e3 Re8 10. Bd3 c6 11. O-O Nf8 12. Ne5 Ng4 13. Bxe7 Qxe7 14. Nxg4
Bxg4 15. Rab1 Qg5 16. Kh1 Bd7 17. b4 f5 18. f4 Qf6 19. Rf3 Re7 20. b5 Rae8 21.
bxc6 Bxc6 22. Qd2 Nd7 23. Rd1 Nb6 24. Rb1 Nc8 25. Qf2 Nd6 26. h3 h5 27. Rg1 b5
28. Kh2 b4 29. Nd1 h4 30. Qf1 Kh8 31. g4 hxg3+ 32. Rfxg3 Kh7 33. Qg2 Bb5 34.
Rg6 Qf7 35. Qg5 Bxd3 36. Qh4+ Kg8 37. Rh6 Qe6 38. Rh8+ Kf7 39. Qh5+ Kf6 40.
Qg6# 1-0

[Event "C.to Europeo U16"]
[Site "Fermo ITA"]
[Date "2009.09.06"]
[Round "6"]
[White "Berchtenbreiter, Maximilian"]
[Black "Pozueta Alegria, Adrian"]
[Result "0-1"]
[WhiteElo "2143"]
[BlackElo "2022"]
[PlyCount "56"]
[EventDate "2009.08.31"]

1. e4 c5 2. Nf3 d6 3. d4 cxd4 4. Nxd4 Nf6 5. Nc3 e6 6. g4 e5 7. Nf5 h5 8. Bg5
hxg4 9. Nd5 Bxf5 10. Bxf6 gxf6 11. exf5 Nd7 12. Bb5 Rc8 13. c3 Rc5 14. Bxd7+
Kxd7 15. b4 Rc6 16. Qa4 Kc8 17. Qxa7 Ra6 18. Qe3 Bh6 19. Qe4 Bf4 20. a4 Rh4 21.
a5 g3 22. Kf1 gxh2 23. Qc4+ Kb8 24. Qa2 Qc8 25. Nxf4 exf4 26. b5 Qxc3 27. Qa3
Qc4+ 28. Kg2 Qe4+ 0-1

[Event "C.to Europeo U16"]
[Site "Fermo ITA"]
[Date "2009.09.06"]
[Round "6"]
[White "Binci, Luca"]
[Black "Immonen, Vihtori"]
[Result "0-1"]
[WhiteElo "1675"]
[BlackElo "1872"]
[PlyCount "123"]
[EventDate "2009.08.31"]

1. d4 Nf6 2. c4 g6 3. Nc3 Bg7 4. e4 d6 5. f3 O-O 6. Be3 c5 7. dxc5 dxc5 8. Qxd8
Rxd8 9. Bxc5 Nc6 10. Nd5 Nd7 11. Nxe7+ Nxe7 12. Bxe7 Bxb2 13. Bxd8 Bxa1 14. Ne2
Ne5 15. Nf4 Nc6 16. Bc7 Nb4 17. a4 Bd7 18. a5 Bc3+ 19. Kf2 Rc8 20. Bd6 Rc6 21.
Bxb4 Bxb4 22. Nd5 Bc5+ 23. Ke2 Ra6 24. Kd3 Kg7 25. Be2 Rxa5 26. Kc3 Ra2 27. Kd3
b5 28. Rb1 bxc4+ 29. Kxc4 Rxe2 30. Kxc5 Rxg2 31. Ra1 Rxh2 32. Rxa7 Bc8 33. Kd6
h5 34. f4 h4 35. Ke5 Rf2 36. Nf6 h3 37. Ra8 Rc2 38. Ra1 h2 39. Rh1 Bh3 40. Ne8+
Kf8 41. Nf6 Kg7 42. Ne8+ Kh6 43. Nf6 g5 44. f5 Rf2 45. Rd1 Ra2 46. Rh1 Kg7 47.
Ne8+ Kg8 48. Nf6+ Kh8 49. Nh5 Bg4 50. Ng3 Bf3 51. Rc1 Rg2 52. Rc8+ Kh7 53. Nh1
Rg1 54. Nf2 Kg7 55. f6+ Kh7 56. Rf8 Bh5 57. Kd6 Rf1 58. Nh3 Rxf6+ 59. Ke5 Re6+
60. Kf5 Bg6+ 61. Kxg5 h1=Q 62. Nf4 0-1

[Event "C.to Europeo U16"]
[Site "Fermo ITA"]
[Date "2009.09.06"]
[Round "6"]
[White "Botto, Julien"]
[Black "Nestorovic, Lazar"]
[Result "1-0"]
[WhiteElo "1906"]
[BlackElo "2240"]
[PlyCount "73"]
[EventDate "2009.08.31"]

1. e4 c5 2. Nf3 e6 3. d4 cxd4 4. Nxd4 Nf6 5. Nc3 d6 6. f3 a6 7. Be3 b5 8. g4
Bb7 9. g5 Nfd7 10. Qd2 Nb6 11. Bd3 N8d7 12. O-O-O Rc8 13. Kb1 Ne5 14. Qg2 Nec4
15. Bc1 b4 16. Nce2 d5 17. h4 e5 18. Nf5 g6 19. Ne3 Nxe3 20. Bxe3 d4 21. Bc1
Rc5 22. f4 Bd6 23. Qf2 Na4 24. h5 Rf8 25. f5 Qb6 26. hxg6 hxg6 27. Rdf1 Ra5 28.
Rh7 Nc3+ 29. Nxc3 bxc3 30. b3 Ba3 31. Bxa3 Rxa3 32. fxg6 Qxg6 33. Qf5 Qxf5 34.
Rxf5 Ra5 35. g6 Bc8 36. Rfxf7 Rg8 37. Bc4 1-0

[Event "C.to Europeo U16"]
[Site "Fermo ITA"]
[Date "2009.09.06"]
[Round "6"]
[White "Davi, Alessandro"]
[Black "Hartl, Daniel"]
[Result "0-1"]
[WhiteElo "2027"]
[BlackElo "2249"]
[PlyCount "98"]
[EventDate "2009.08.31"]

1. d4 d5 2. Nf3 Nf6 3. c4 c6 4. Nc3 dxc4 5. a4 Bf5 6. e3 e6 7. Bxc4 Bb4 8. O-O
Nbd7 9. Qe2 Bg6 10. Bd3 O-O 11. e4 h6 12. e5 Nd5 13. Nxd5 cxd5 14. Bxg6 fxg6
15. Be3 Nb8 16. Qd3 Kh7 17. Rac1 Nc6 18. Kh1 a6 19. Ng1 Qh4 20. Ne2 Rae8 21. f3
Qe7 22. Nf4 Qf7 23. g4 Be7 24. Ng2 Kg8 25. Bd2 Rc8 26. f4 Rc7 27. Qg3 Rfc8 28.
Qf2 Kh8 29. Rc3 Bb4 30. Rxc6 Rxc6 31. Bxb4 Rc2 32. Qe1 Rxb2 33. Ne3 Qd7 34. a5
Qb5 35. Bc5 Re2 36. Qd1 Rxe3 37. f5 Qb2 38. Rf3 Re2 39. Qg1 Qc2 40. fxe6 Qe4
41. Qg3 Qb1+ 42. Qg1 Re1 43. Qxe1 Qxe1+ 44. Kg2 Rxc5 45. e7 Rc2+ 46. Kh3 g5 47.
e8=Q+ Kh7 48. Qh5 Qe2 49. Kg3 Qg2# 0-1

[Event "C.to Europeo U16"]
[Site "Fermo ITA"]
[Date "2009.09.06"]
[Round "6"]
[White "Di Trapani, Davide"]
[Black "Kaforos, Dimitrios-Alkis"]
[Result "0-1"]
[WhiteElo "1883"]
[BlackElo "2209"]
[PlyCount "66"]
[EventDate "2009.08.31"]

1. e4 c5 2. Nf3 d6 3. d4 cxd4 4. Nxd4 Nf6 5. Nc3 g6 6. Be3 Bg7 7. f3 Nc6 8. Bc4
O-O 9. Qd2 Bd7 10. O-O-O Rc8 11. Bb3 Ne5 12. g4 b5 13. g5 b4 14. Nce2 Nh5 15.
Ng3 a5 16. Nxh5 gxh5 17. f4 a4 18. fxe5 axb3 19. Nxb3 Ra8 20. exd6 Rxa2 21. Bd4
Qa8 22. Qd3 exd6 23. Bxg7 Kxg7 24. Qxd6 Bg4 25. Qe5+ Kg8 26. Rdf1 Rd8 27. Kb1
Be6 28. c4 bxc3 29. Qxc3 Qxe4+ 30. Qc2 Qa4 31. Rf3 Bxb3 32. Qxb3 Ra1+ 33. Kc2
Qxb3+ 0-1

[Event "C.to Europeo U16"]
[Site "Fermo ITA"]
[Date "2009.09.06"]
[Round "6"]
[White "Draskovic, Davor"]
[Black "Kokotovic, Aleksandar"]
[Result "1/2-1/2"]
[WhiteElo "1702"]
[BlackElo "1967"]
[PlyCount "48"]
[EventDate "2009.08.31"]

1. e4 c5 2. Nf3 d6 3. d4 cxd4 4. Nxd4 Nf6 5. Nc3 a6 6. Bg5 e6 7. f4 Be7 8. Qf3
Qc7 9. O-O-O Nc6 10. Nxc6 bxc6 11. e5 dxe5 12. fxe5 Nd5 13. Bxe7 Nxe7 14. Ne4
O-O 15. Nd6 Qa5 16. Bc4 Qxe5 17. Nxf7 Qc7 18. Rhf1 Ng6 19. h4 Qxf7 20. Qxf7+
Rxf7 21. Rd8+ Nf8 22. Rfd1 Re7 23. Rf1 Rf7 24. Rfd1 Re7 1/2-1/2

[Event "C.to Europeo U16"]
[Site "Fermo ITA"]
[Date "2009.09.06"]
[Round "6"]
[White "Fiducioso, Marco"]
[Black "Kotainy, Jens"]
[Result "0-1"]
[WhiteElo "2122"]
[BlackElo "2270"]
[PlyCount "110"]
[EventDate "2009.08.31"]

1. e4 e6 2. d4 d5 3. e5 c5 4. c3 Qb6 5. Nf3 Nc6 6. a3 Nh6 7. b4 cxd4 8. cxd4
Nf5 9. Bb2 Bd7 10. g4 Nfe7 11. Nc3 Na5 12. Qc2 Nc4 13. Bxc4 dxc4 14. Nd2 Nd5
15. Nxc4 Qc6 16. Ne4 Nf4 17. Bc1 b5 18. Bxf4 bxc4 19. O-O Qd5 20. Rfe1 Be7 21.
Qc3 O-O 22. g5 a5 23. Qg3 Kh8 24. Nc3 Qxd4 25. Red1 Qa7 26. b5 a4 27. Be3 Qb7
28. Ra2 Ra5 29. Rb1 Kg8 30. Qg4 Qc7 31. Qd4 Rb8 32. b6 Qb7 33. Qxc4 Rc8 34. Qd3
Rxe5 35. Rd2 Bc6 36. f4 Rf5 37. Rbd1 g6 38. Ne2 Bb5 39. Qd4 e5 40. fxe5 Bc5 41.
Qxc5 Rxc5 42. Rd8+ Kg7 43. Bxc5 Rxg5+ 44. Ng3 h5 45. Be3 Rg4 46. e6 Qf3 47.
Bd4+ Kh6 48. Bc5 Rxg3+ 49. hxg3 Qxg3+ 50. Kh1 Bc6+ 51. R1d5 fxe6 52. b7 Bxb7
53. Bf8+ Kh7 54. R8d7+ Kg8 55. Rg7+ Kh8 0-1

[Event "C.to Europeo U16"]
[Site "Fermo ITA"]
[Date "2009.09.06"]
[Round "6"]
[White "Garcia Perez, Javier"]
[Black "Melone, Antonio"]
[Result "0-1"]
[WhiteElo "1752"]
[BlackElo "1881"]
[PlyCount "88"]
[EventDate "2009.08.31"]

1. e4 c6 2. d4 d5 3. Nc3 dxe4 4. Nxe4 Nd7 5. Nf3 e6 6. Bd3 Ngf6 7. Ng3 Bd6 8.
O-O Qc7 9. Qe2 O-O 10. Re1 b6 11. c4 Bb7 12. b3 c5 13. Bb2 a5 14. dxc5 Bxc5 15.
Ne5 Bb4 16. Red1 Nxe5 17. Bxe5 Qc6 18. f3 Rad8 19. Kh1 Rfe8 20. Qb2 Be7 21.
Rac1 Qc5 22. Bb1 h5 23. Bd4 Qc7 24. Be5 Qc8 25. Qc2 g6 26. Qb2 Nh7 27. Ne4 Bxe4
28. Bxe4 f5 29. Bh8 Bf8 30. Bd3 Qc5 31. Bc3 e5 32. Bf1 e4 33. fxe4 fxe4 34. Rd5
Rxd5 35. cxd5 e3 36. Bd4 Qb4 37. Bc3 Qh4 38. Qc2 Qg5 39. Bd3 e2 40. Bxg6 Re7
41. Re1 Nf6 42. Bxf6 Qxf6 43. Bf5 Re5 44. Be6+ Rxe6 0-1

[Event "C.to Europeo U16"]
[Site "Fermo ITA"]
[Date "2009.09.06"]
[Round "6"]
[White "Givon, Asaf"]
[Black "Javakhadze, Zurab"]
[Result "0-1"]
[WhiteElo "2132"]
[BlackElo "2309"]
[PlyCount "74"]
[EventDate "2009.08.31"]

1. e4 c5 2. Nf3 d6 3. d4 cxd4 4. Nxd4 Nf6 5. Nc3 g6 6. Be3 Bg7 7. f3 a6 8. Qd2
Nbd7 9. Bc4 Ne5 10. Bb3 Bd7 11. Bh6 Bxh6 12. Qxh6 Rc8 13. O-O-O Qa5 14. Nd5
Nxd5 15. exd5 Ba4 16. Kb1 Bxb3 17. Nxb3 Qc7 18. c3 a5 19. Rd4 Nc4 20. Qg7 Rf8
21. Re1 a4 22. Nd2 Nb6 23. Ne4 Kd7 24. Ng5 Rce8 25. Nxh7 Rh8 26. Qxf7 Kc8 27.
Qe6+ Kb8 28. Ng5 a3 29. h4 axb2 30. Kxb2 Rc8 31. Rc1 Qc5 32. Ne4 Nc4+ 33. Ka1
Qa3 34. Rb1 Rc7 35. g3 Rhc8 36. Qg4 Ne3 37. Rb3 Qc1+ 0-1

[Event "C.to Europeo U16"]
[Site "Fermo ITA"]
[Date "2009.09.06"]
[Round "6"]
[White "Godart, Francois"]
[Black "Franciosi, Fausto"]
[Result "1/2-1/2"]
[WhiteElo "2179"]
[BlackElo "1993"]
[PlyCount "139"]
[EventDate "2009.08.31"]

1. d4 d6 2. c4 e5 3. Nf3 Nd7 4. Nc3 Ngf6 5. g3 g6 6. Bg2 Bg7 7. O-O O-O 8. e4
Re8 9. h3 c6 10. Be3 a5 11. Qc2 Qe7 12. Rad1 exd4 13. Nxd4 Nc5 14. Rfe1 a4 15.
f4 Nfxe4 16. Nxc6 bxc6 17. Bxc5 dxc5 18. Rxe4 Bf5 19. Rxe7 Bxc2 20. Rxe8+ Rxe8
21. Rd2 Bxc3 22. Rxc2 Bd4+ 23. Kf1 Re6 24. Bf3 Kf8 25. Rd2 Ke7 26. Kg2 Re3 27.
Bxc6 a3 28. bxa3 Rxa3 29. Bf3 Kd6 30. Bd1 Re3 31. h4 h6 32. h5 gxh5 33. Bxh5 f6
34. Kh3 Ke7 35. Bd1 Kf7 36. Kg4 Kg7 37. Rg2 Rc3 38. Bb3 Kg6 39. Re2 Re3 40. Rd2
Rc3 41. Bc2+ Kg7 42. Bd3 Be3 43. Rd1 Rc1 44. Rxc1 Bxc1 45. Kf5 Kf7 46. Be4 Be3
47. a4 Bd2 48. Bb7 Be1 49. Bc8 Ke7 50. Be6 Bd2 51. Bg8 Be1 52. Bd5 Bd2 53. Kg6
Be1 54. g4 Bd2 55. f5 Be1 56. Kxh6 Kd6 57. Kg6 Bh4 58. a5 Kc7 59. a6 Kb6 60.
Bb7 Bg5 61. Kf7 Ka7 62. Ke6 Kb6 63. Kd5 Be3 64. Bc8 Bf4 65. Bd7 Kxa6 66. Kxc5
Kb7 67. Kd5 Kc7 68. Ba4 Bg5 69. c5 Bh4 70. Ke6 1/2-1/2

[Event "C.to Europeo U16"]
[Site "Fermo ITA"]
[Date "2009.09.06"]
[Round "6"]
[White "Gouliaros-Antoniadis, Alexandros"]
[Black "Ten Hertog, Hugo"]
[Result "0-1"]
[WhiteElo "1858"]
[BlackElo "2108"]
[PlyCount "72"]
[EventDate "2009.08.31"]

1. e4 c5 2. Nf3 d6 3. d4 cxd4 4. Nxd4 Nf6 5. f3 e5 6. Nb3 Be6 7. c4 a5 8. Be3
a4 9. N3d2 Qa5 10. Be2 Be7 11. O-O O-O 12. Na3 Bd8 13. Nb5 Bb6 14. Bxb6 Qxb6+
15. Kh1 Bd7 16. Rc1 Na6 17. Rc2 Rfc8 18. Nb1 d5 19. N1c3 Bxb5 20. Nxb5 d4 21.
Rd2 Nc5 22. Qb1 Qa5 23. Rfd1 Ra6 24. b4 axb3 25. axb3 Qb4 26. Rc2 h5 27. g3 h4
28. Kg2 Nfd7 29. f4 hxg3 30. hxg3 exf4 31. Rxd4 Rg6 32. Qd1 Rxg3+ 33. Kf1 Nf8
34. Bg4 Rc6 35. Rd6 Rxd6 36. Nxd6 Rd3 0-1

[Event "C.to Europeo U16"]
[Site "Fermo ITA"]
[Date "2009.09.06"]
[Round "6"]
[White "Grandelius, Nils"]
[Black "Rzayev, Bahruz Iqbal Oglu"]
[Result "0-1"]
[WhiteElo "2515"]
[BlackElo "2228"]
[PlyCount "96"]
[EventDate "2009.08.31"]

1. e4 e5 2. Nf3 Nc6 3. Bb5 a6 4. Ba4 d6 5. c3 Bd7 6. d4 g6 7. O-O Bg7 8. Re1 b5
9. Bb3 Nf6 10. Nbd2 O-O 11. h3 h6 12. Nf1 Qe7 13. Ne3 Na5 14. Bc2 c5 15. b3 Bc6
16. Bb2 Rfd8 17. d5 Bd7 18. a4 Nb7 19. Bd3 Nh5 20. Bf1 Nf4 21. Nd2 h5 22. h4
Qxh4 23. g3 Qg5 24. Nf3 Qh6 25. gxf4 exf4 26. axb5 axb5 27. Nc2 g5 28. Qd2 h4
29. e5 Rxa1 30. Nxa1 g4 31. e6 fxe6 32. dxe6 Bc6 33. Nh2 Qg5 34. Qd1 g3 35. Ng4
h3 36. fxg3 h2+ 37. Kxh2 fxg3+ 38. Kh3 Be5 39. Nxe5 g2 40. Bxg2 dxe5 41. Bd5
Qh6+ 42. Kg3 Rxd5 43. Qg4+ Kh8 44. e7 Rd3+ 45. Kf2 Qh2+ 46. Kf1 Rg3 47. Qc8+
Rg8 48. e8=Q Qg2# 0-1